000 01111nam a2200253 a 4500
008 120416s1995 ||||||||||||||||| || u
020 _a0340606584
050 _aTK 7887.5 Coo
100 _aCook, Barry M
245 1 0 _aComputer peripherals
250 _a3rd ed.
260 _aLondon
_bEdward Arnold
_c1995
300 _axii, 308p. : ill.
350 _a0.00
650 _aCOMPUTING
650 _aCOMPUTER PERIPHERALS
650 _aCOMPUTER INPUT-OUTPUT EQUIPMENT
650 _aMICROCOMPUTERS--EQUIPMENT AND SUPPLIES
700 _aWhite, Neil
856 _uhttp://www.loc.gov/catdir/description/els031/00703234.html
995 _aANNEX COLLECTION (Main Library)
_D0.00
_e733886
_FCBU-MAIN LIBRARY (Kitwe)
_H3
_I19.99
_jTK 7887.5 Coo
_M3
_UAVAILABLE
_y46037
_ZAnnex Low-Usage Collection
995 _aMAIN LIBRARY OPEN ACCESS
_D0.00
_e726985
_FCBU-MAIN LIBRARY (Kitwe)
_H2
_I19.99
_jTK 7887.5 Coo
_UAVAILABLE
_y018139
_ZMain Library Open Access Collection
995 _aMAIN LIBRARY OPEN ACCESS
_D0.00
_e726984
_FCBU-MAIN LIBRARY (Kitwe)
_H1
_I19.99
_jTK 7887.5 Coo
_UAVAILABLE
_y018140
_ZMain Library Open Access Collection
999 _c79674
_d79674